• 首页
  • 本馆介绍
  • 公告通知
  • 最新文献
  • 馆藏检索
  • 电子资源
  • 读者导购
  • 参考咨询
  • 我的图书馆
  • 登录
  • 详细信息显示
  • 放入我的书架
  • 预约/预借图书
  • 作者相关作品
  • 分类相关作品
  • 丛书相关作品
  • 出版社相关作品

书目信息

  • 表格格式
  • 工作单格式
  • 卡片格式
题名:
批评的观念
    
 
作者: 任茹文 著
分册:  
出版信息: 上海   复旦大学出版社  2020.11
页数: 259页
开本: 21cm
丛书名:
单 册:
中图分类: I06 , J905
科图分类:
主题词: 文学评论 , 电影评论 , 电视评论
电子资源:
ISBN: 978-7-309-14776-6
000 01029nam0 2200277 450
001 0102100410
005 20210402100818.0
010    @a978-7-309-14776-6@dCNY40.00
100    @a20201106d2020 em y0chiy50 ea
101 0  @achi
102    @aCN@b310000
105    @ay z 000zy
106    @ar
200 1  @a批评的观念@Api ping de guan nian@f任茹文著
210    @a上海@c复旦大学出版社@d2020.11
215    @a259页@d21cm
314    @a任茹文,浙江越秀外国语学院教授。在浙江大学和苏州大学分获中国现当代文学硕士和博士学位。研究领域为中国现当代文学与文化、海外华文文学与海外汉学。
330    @a本书分为四辑,包括我们的同伴:当代批评与文学观,以创作心理学为支点的现代作家研究,国族、符号与影视意义,口述、访谈与文化背影等,有观念、有文学、有态度,文字流畅,观点清晰,兼具学院派的理论深度与媒体批评的易懂明晰。
606 0  @a文学评论
606 0  @a电影评论
606 0  @a电视评论
690    @aI06@v5
690    @aJ905@v5
701  0 @a任茹文@Aren ru wen@4著
801  0 @aCN@bBJSZM@c20210402
905    @b1274295-9@dI06@e257@f5
    
    批评的观念/任茹文著.-上海:复旦大学出版社,2020.11
    259页;21cm
    
    
    ISBN 978-7-309-14776-6:CNY40.00
    本书分为四辑,包括我们的同伴:当代批评与文学观,以创作心理学为支点的现代作家研究,国族、符号与影视意义,口述、访谈与文化背影等,有观念、有文学、有态度,文字流畅,观点清晰,兼具学院派的理论深度与媒体批评的易懂明晰。
●
相关链接 在E读中查询图书 在五车中查询图书 在当当中查询图书 在豆瓣中查询图书


正题名:批评的观念     索取号:I06/257         预约/预借

序号 登录号 条形码 馆藏地/架位号 状态 备注
1 1274295   212742950   第一样本阅览室/ [索取号:I06/257] 在馆    
2 1274296   212742969   教育系资料室/ [索取号:I06/257] 在馆    
3 1274297   212742978   教育系资料室/ [索取号:I06/257] 在馆    
4 1274298   212742987   第二借阅区/ [索取号:I06/257] 在馆    
5 1274299   212742996   第二借阅区/ [索取号:I06/257] 在馆    
唐山师范学院图书馆 欢迎您!
大连网信软件有限公司© 版权所有